La nueva configuracin̤ del secreto profesional del abogado

Bibliographic Details
Main Author: Andino Lp̤ez, Juan Antonio
Format: eBook
Language:Spanish
Published: Barcelona: J.M. Bosch Editor, 2021
Subjects:
Online Access:Acceso restringido

MARC

LEADER 00000nam a22000007a 4500
005 20220517212136.0
007 cr|||| ||||
008 220517s2021 es |||||s|||| 00||0 spa d
020 |a 978-84-123917-3-2 
035 |a 35648 
040 |a vLex 
090 |c 13352  |d 13352 
100 1 |a Andino Lp̤ez, Juan Antonio 
245 1 2 |a  La nueva configuracin̤ del secreto profesional del abogado  |h [Recurso electrn̤ico] /  |c Juan Antonio Andino Lp̤ez 
256 |a Servicio en ln̕ea 
260 |a Barcelona:  |b J.M. Bosch Editor,  |c 2021 
300 |a 1 recurso electrn̤ico 
500 |a El secreto profesional del abogado es una piedra angular del ejercicio de la profesin̤, ya que el cliente confa̕ a su abogado informacin̤ sensible y confidencial, fundamental para la defensa de sus intereses. La presente obra analiza en profundidad el secreto profesional del abogado y su relacin̤ con el procedimiento civil. Para abarcar su contenido, se analiza el secreto profesional a la luz del nuevo Estatuto General de la Abogaca̕ Espaǫla (aprobado mediante Real Decreto 135/2021, de 2 de marzo), pero tambiň tras la modificacin̤ del Cd̤igo Deontolg̤ico de la Abogaca̕ Espaǫla, analizando su estrecha vinculacin̤ con los artc̕ulos 18 y 24 de la Constitucin̤. Se analiza y razona que la prueba aportada al procedimiento civil que vulnera el secreto profesional del abogado debera̕ ser inadmitida por parte del juez, ya que puede considerarse como prueba ilc̕ita (artc̕ulo 287 LEC), analizando la misma tambiň conforme a la Sentencia del Tribunal Constitucional 97/2019, de 16 de julio; tambiň se puede considerar como prueba ilegal (art. 283.3 LEC), cuestin̤ analizada, entre otros, conforme al texto del Anteproyecto de Ley de Medidas de Eficiencia Procesal del Servicio Pb︢lico de Justicia; y finalmente tambiň se puede considerar como una prueba contraria a la buena fe procesal (art. 247 LEC). 
506 1 |a Disponible solo en los productos indicados  |d vLex Global  |d vLex Global (Academic Edition, excluding Law Schools)  |d vLex Global (U.S. Academic Edition, Law Schools)  |d vLex Global (U.S. Academic Edition, excluding Law Schools)  |d vLex Global (Academic Edition, Law Schools) 
650 0 4 |a Abogados  |z Espaą 
650 0 4 |a Derecho Procesal  |z Espaą 
740 0 |a vLex Libros (Servicio en ln̕ea) 
856 4 0 |u https://app.vlex.com/#/sources/35648  |z Acceso restringido 
942 |c BOOK 
999 0 |a Lawyers 
999 0 |a Procedural Law